00889cam a22002651a 4500001001300000003000400013005001700017008004100034010001700075035002000092040001800112042001200130050002300142100003000165245008800195260012300283300002800406490005500434500003600489500001500525650002600540700002000566740002000586999001700606he 68001341 DLC20260227111458.0920624s1966 is a 000 0 hebr  ahe 68001341  a(OCoLC)26079546 aDLCcCLUdDLC apremarc00aPZ90.H3bH388 19661 aHalperin, F.,d1876-1945.10aḤakhme Ḥelem /cme-et Falk Helpren; meʼubad le-ʻIvrit bi-yede Galyah Yardeni. aYerushalayim :bha-Maḥlakah le-ḥinukh ule-tarbut ba-golaḥ shel ha-Histadrut ha-Tsiyonit a-ʻOlamit,c726 [1966] a48 p. :bill. ;c19 cm.0 aGesher la-noʻar, sifronim be-ʻIvrit ḳalah ;v8 aAdded t.p.: The sages of Chelm. aVocalized. 0aJewish wit and humor.1 aYardeni, Galia.0 aSages of Chelm. c33271d33271